00653 a2200193 4500003000500000005001700005010001600022020002400038040000900062082001500071100001900086245008400105260003100189300003400220440003200254505010800286650001600394710004900410Nust20221014094700.0 a 82015925 a0471078387 (pbk.) : cNust00a604.25,HOF1 aHoffman, K. O.00aBlueprint reading /cK.O. Hoffman, National Machine Tool Builders' Association. aNew York :bWiley,cc1983. aviii, 95 p. :bill. ;c28 cm. 0aNMTBA shop practices series aIntroduction to blueprint reading (Page-3), Working with blue prints (Page-29), Dimensioning (Page-49). 0aBlueprints.2 aNational Machine Tool Builders' Association.